Cultura quilombola na Lagoa da Pedra, Arraias - Tocantins : (Record no. 1288)
[ view plain ]
| 000 -LÍDER | |
|---|---|
| Campo Fixo de Controle | 00976nam a2200265 a 4500 |
| 001 - NÚMERO DE CONTROLE | |
| Campo de Controle | 1288 |
| 003 - IDENTIFICAÇÃO DO NÚMERO DE CONTROLE | |
| Campo de Controle | BR-CuiBMT |
| 005 - DATA E HORA DA ÚLTIMA ATUALIZAÇÃO | |
| Campo de Controle | 20231207230013.0 |
| 008 - DADOS FIXOS | |
| Dados Fixos | 231204s2011 dtba 001 0 por d |
| 020 ## - INTERNATIONAL STANDARD BOOK NUMBER | |
| Nº do ISBN | 9788570183422 |
| 040 ## - AGÊNCIA CATALOGADORA | |
| Código da Agência Catalogadora | BR-CuiBMT |
| Agência que transcreveu o registro | BR-CuiBMT |
| 080 ## - Nº DA CLASSIFICAÇÃO DECIMAL UNIVERSAL | |
| Nº edição CDU | 2007 |
| Nº Class. CDU | 911.37 |
| 090 ## - NÚMERO DE CHAMADA | |
| Nº classificação | 911.37 |
| Cutter | T337c |
| 100 1# - ENTRADA PRINCIPAL -- AUTOR PESSOAL | |
| Nome pessoal | Teske, Wolfgang |
| 245 10 - TÍTULO PRINCIPAL | |
| Título principal | Cultura quilombola na Lagoa da Pedra, Arraias - Tocantins : |
| Subtítulo | rituais, símbolos e rede de significados de suas manifestações culturais : um processo folkcomunicacional de saber ambiental / |
| Indicação de responsabilidade | Teske Wolfgang. |
| 260 ## - PUBLICAÇÃO, DISTRIBUIÇÃO, ETC. | |
| Local de publicação | Brasília : |
| Editora | Senado Federal, |
| -- | Conselho Editorial, |
| Data | 2011. |
| 300 ## - DESCRIÇÃO FÍSICA | |
| N. páginas ou volumes | 295 p. : |
| Ilustrações | il. color. ; |
| Dimensões | 23 cm |
| 490 1# - INDICAÇÃO DE SÉRIE | |
| Título da série | Edições do Senado Federal ; |
| Volume/designação sequencial da série | v. 146 |
| 504 ## - NOTA DE BIBLIOGRAFIA, ETC. | |
| Nota de bibliografia | Inclui bibliografia e índice. |
| 650 ## - ASSUNTO TÓPICO | |
| Cabeçalho tópico ou nome geográfico | Quilombo |
| Subdivisão de forma | História |
| Subdivisão geográfica | Brasil |
| 650 ## - ASSUNTO TÓPICO | |
| Cabeçalho tópico ou nome geográfico | Quilombola |
| Subdivisão geográfica | Tocantins |
| 650 ## - ASSUNTO TÓPICO | |
| Cabeçalho tópico ou nome geográfico | Negro |
| Subdivisão de forma | Aspectos culturais |
| 830 #0 - ENTRADA SECUNDÁRIA DE SÉRIE -- TÍTULO UNIFORME | |
| Título uniforme | Edições do Senado Federal ; |
| Nº do volume/designação sequencial da série | 146 |
| 942 ## - ELEMENTOS DE ENTRADA ADICIONAIS (KOHA) | |
| Fonte de classificação ou esquema de arquivamento | Classificação Decimal Universal |
| Tipo de item do Koha | Livros |
| Estado: removido | Estado: perdido | Fonte de classificação ou esquema de arquivamento | Estado: danificado | Indisponível para empréstimo | Localização permanente | Localização atual | Data de aquisição | Total Checkouts | Número de Chamada completo | Código de barras | Date last seen | Número do exemplar | Preço efetivo a partir de | Tipo de item (Koha) |
|---|---|---|---|---|---|---|---|---|---|---|---|---|---|---|
| Classificação Decimal Universal | Biblioteca da Escola Superior de Contas do TCE/MT | Biblioteca da Escola Superior de Contas do TCE/MT | 04/12/2023 | 911.37 T337c | BIBTCEMT23120112 | 04/12/2023 | Ex. 1 | 04/12/2023 | Livros |